000
00287nam a22001217a 4500
008
240711b |||||||| |||| 00| 0 eng d
100
_a
Deepchand
_9
16871
245
_a
Bharat Itihas
260
_b
Sunder Sahitya;
_c
1924.
300
_a
124p.
700
_a
Trilokchand
_9
16872
942
_c
BK
999
_c
40012
_d
40012